书目信息 |
| 题名: |
隐喻汉英翻译原则研究
|
|
| 作者: | 刘法公 著 | |
| 分册: | ||
| 出版信息: | 北京 国防工业出版社 2008.11 |
|
| 页数: | 346页 | |
| 开本: | 21cm | |
| 丛书名: | 翻译研究新探索丛书 | |
| 单 册: | ||
| 中图分类: | H315.9 | |
| 科图分类: | ||
| 主题词: | 英语--ying yu--翻译--研究 | |
| 电子资源: | ||
| ISBN: | 978-7-118-05964-9 | |
| 000 | 01057nam 2200277 450 | |
| 001 | 012009218755 | |
| 005 | 20090918170222.65 | |
| 010 | @a978-7-118-05964-9@dCNY25.00 | |
| 100 | @a20090918d2008 em y0chiy0120 ea | |
| 101 | 0 | @achi |
| 102 | @aCN@b110000 | |
| 105 | @ay z 000yy | |
| 106 | @ar | |
| 200 | 1 | @a隐喻汉英翻译原则研究@Ayin yu han ying fan yi yuan ze yan jiu@d= A study of C-E metaphor translation principles@f刘法公著@Fliu fa gong zhu@zeng |
| 210 | @a北京@c国防工业出版社@d2008.11 | |
| 215 | @a346页@d21cm | |
| 225 | 2 | @a翻译研究新探索丛书@Afan yi yan jiu xin tan suo cong shu |
| 300 | @a国家社科基金(编号08BYY008)阶段性成果之一 | |
| 330 | @a本书共分6章,内容包括:西方隐喻学研究发展历程对隐喻翻译的启示、隐喻的认知与隐喻翻译的探索、隐喻汉英翻译原则等。 | |
| 410 | 0 | @12001 @a翻译研究新探索丛书 |
| 510 | 1 | @aStudy of C-E metaphor translation principles@zeng |
| 606 | 0 | @a英语@Aying yu@x翻译@x研究 |
| 690 | @aH315.9@v4 | |
| 701 | 0 | @a刘法公@Aliu fa gong@4著 |
| 801 | 0 | @aCN@bQSSK@c20090918 |
| 905 | @b756129-33@dH315.9@eL611@f5 | |
| 隐喻汉英翻译原则研究= A study of C-E metaphor translation principles/刘法公著.-北京:国防工业出版社,2008.11 |
| 346页;21cm.-(翻译研究新探索丛书) |
| 国家社科基金(编号08BYY008)阶段性成果之一 |
| ISBN 978-7-118-05964-9:CNY25.00 |
| 本书共分6章,内容包括:西方隐喻学研究发展历程对隐喻翻译的启示、隐喻的认知与隐喻翻译的探索、隐喻汉英翻译原则等。 |
| ● |
| 相关链接 |
|
|
|
正题名:隐喻汉英翻译原则研究
索取号:H315.9/L611
 
预约/预借
| 序号 | 登录号 | 条形码 | 馆藏地/架位号 | 状态 | 备注 |
| 1 | 756129 | 207561299 | 语言库209/209语言库 39排2列6层/ [索取号:H315.9/L611] | 在馆 | |
| 2 | 756130 | 207561306 | 外国语学院资料室/209语言库 39排2列6层/ [索取号:H315.9/L611] | 在馆 | |
| 3 | 756131 | 207561315 | 语言库209/209语言库 39排2列6层/ [索取号:H315.9/L611] | 在馆 | |
| 4 | 756132 | 207561324 | 语言库209/209语言库 39排2列6层/ [索取号:H315.9/L611] | 在馆 | |
| 5 | 756133 | 207561333 | 语言库209/209语言库 39排2列6层/ [索取号:H315.9/L611] | 在馆 |